| 000 | 00779cam a2200265 4500 | ||
|---|---|---|---|
| 001 | D9279 | ||
| 008 | 090401t1992 xxu||||| |||| 00| 0 eng d | ||
| 035 | _a(Sirsi) u18606 | ||
| 041 | _aeng | ||
| 050 | _a694.01 | ||
| 110 | _aTimber Research and Development Association | ||
| 245 | _aSurveys of timber frame houses. | ||
| 250 | _aRevised ed. | ||
| 260 |
_aHigh Wycombe, Bucks _bTRADA _c1992 |
||
| 300 | _a4p. : illus. ; 30cm | ||
| 350 | _a3 | ||
| 490 |
_aWood Information Sheet _v10 |
||
| 520 | _aPrepared in association with the RICS. | ||
| 650 | _aBUILDING SURVEYS | ||
| 650 | _aBUILT ENVIRONMENT-BUILDING SURVEYING-STRUCTURAL SURVEYING | ||
| 650 | _aTIMBER FRAME HOUSES | ||
| 690 | _aBUILT ENVIRONMENT-BUILDING INSPECTION | ||
| 942 | _n0 | ||
| 948 | _c04/03/1997 | ||
| 999 |
_c87605 _d87605 |
||